LEADER 00919nam0-22003371i-450- 001 990002003760403321 005 20040503111449.0 035 $a000200376 035 $aFED01000200376 035 $a(Aleph)000200376FED01 035 $a000200376 100 $a20030910d1965----km-y0itay50------ba 101 0 $afre 102 $aFR 105 $ay---a---001yy 200 1 $aZoologie II$evertebrées$fPierre P. Grasse, Charles Devillers 210 $aParigi$cMasson & Cie$d1965 215 $a1129 p.$d25 cm 225 1 $aPrecis de Sciences Biologiques$v2 610 0 $aZoologia$aTrattati 610 0 $aVertebrati 676 $a596 700 1$aGrassé,$bPierre-Paul$0359906 701 1$aDevillers,$bCharles$084659 801 0$aIT$bUNINA$gRICA$2UNIMARC 901 $aBK 912 $a990002003760403321 952 $a61 II A.5/32$b2195$fDAGEN 959 $aDAGEN 996 $aZoologie II$9403059 997 $aUNINA LEADER 01205nam0 2200325 450 001 000042241 005 20160617123853.0 010 $a0-333-14969-6 100 $a20160615d1975----km-y0itaa50------ba 101 0 $aeng 102 $aGB 200 1 $aGerard Manley Hopkins, Poems$ea casebook$fedited by Margaret Bottrall 210 $aLondon$cMacmillan$d1975 215 $a256 p.$d22 cm 225 2 $aCasebook series 300 $aIn copertina: Gerard Manley Hopkins: Poems 410 0$12001$aCasebook series 517 1 $aPoems 700 1$aHopkins,$bGerard Manley$0188856 702 1$aBottrall,$bMargaret 801 0$aIT$bUniversità della Basilicata - B.I.A.$gREICAT$2unimarc 912 $a000042241 996 $aGerard Manley Hopkins, Poems$91531450 997 $aUNIBAS BAS $aLETTERE CAT $aSTD109$b05$c20160615$lBAS01$h1045 CAT $aSTD109$b05$c20160617$lBAS01$h1238 FMT Z30 -1$lBAS01$LBAS01$mBOOK$1BASA1$APolo Storico-Umanistico$2DSLF$BCollezione DiSLF$3DF/SE456$63892$5F3892$820160617$f02$FPrestabile Generale Z30 -1$lBAS01$LBAS01$mBOOK$1BASA1$APolo Storico-Umanistico$2DSLF$BCollezione DiSLF$3DF/SE457$64179$5F4179$820160615$f02$FPrestabile Generale